000 00750cam a2200217 a 4500
001 4394427
005 20180301075119.0
008 920318s1993 paua 001 0 eng
010 _a 92005763
020 _a0721646794
040 _aDLC
_cDLC
_dDLC
041 _aeng
080 _a636.70896 ETT
082 0 0 _a636.70896 ETT
_220
100 1 _a7
101 _aZOO
245 1 0 _aPocket companion to Textbook of veterinary internal medicine /
_cStephen J. Ettinger ; compiling editors, California Animal Hospital ... [et al.].
906 _a7
_bcbc
_corignew
_d1
_eocip
_f19
_gy-gencatlg
942 _2ddc
_cBK
999 _c43843
_d43843